The entertainment encyclopedia / (Record no. 19946)
[ view plain ]
| 000 -LEADER | |
|---|---|
| fixed length control field | 00483nam a2200169 a 4500 |
| 005 - DATE AND TIME OF LATEST TRANSACTION | |
| control field | 20140310183204.0 |
| 008 - FIXED-LENGTH DATA ELEMENTS--GENERAL INFORMATION | |
| fixed length control field | 050705s19uu xx 00 eng d |
| 050 ## - LIBRARY OF CONGRESS CALL NUMBER | |
| Classification number | PN 1590 |
| Item number | .St849 1996 |
| 100 ## - MAIN ENTRY--PERSONAL NAME | |
| Personal name | Stewart, Joseph |
| 245 ## - TITLE STATEMENT | |
| Title | The entertainment encyclopedia / |
| Statement of responsibility, etc | Joseph Stewart. |
| 260 ## - PUBLICATION, DISTRIBUTION, ETC. (IMPRINT) | |
| Place of publication, distribution, etc | Santa Monica, CA : |
| Name of publisher, distributor, etc | Santa Monica Press, |
| Date of publication, distribution, etc | 1996. |
| 300 ## - PHYSICAL DESCRIPTION | |
| Extent | 127 p. : |
| Dimensions | 18 cm. |
| 650 ## - SUBJECT ADDED ENTRY--TOPICAL TERM | |
| Topical term or geographic name as entry element | Entertainment |
| General subdivision | Encyclopedias. |
| 942 ## - ADDED ENTRY ELEMENTS (KOHA) | |
| Koha item type | Books |
| Source of classification or shelving scheme | Library of Congress Classification |
| Withdrawn status | Lost status | Source of classification or shelving scheme | Materials specified (bound volume or other part) | Damaged status | Home library | Current library | Shelving location | Date acquired | Total Checkouts | Full call number | Barcode | Date last seen | Copy number | Price effective from | Koha item type |
|---|---|---|---|---|---|---|---|---|---|---|---|---|---|---|---|
| Library of Congress Classification | P - Z | College Library | College Library | Reference Section | 07/05/2005 | PN 1590 .St849 1996 vol.3 | C1648 | 05/15/2018 | 1 | 10/10/2013 | Books | ||||
| Library of Congress Classification | G - O | College Library | College Library | Reference Section | 12/05/2013 | PN 1590 .St849 1996 vol.2 | C1525 | 04/24/2017 | 1 | 12/05/2013 | Books |